Pokémon 5G-8G - Statistiques

Statistiques générales
  • Ce quiz a été pris 26 fois
  • Le résultat moyen est 229 sur 411
Statistiques - réponses
Par images Réponse % Correct
Vipélierre
94%
Bétochef
88%
Clamiral
88%
Crapustule
88%
Déflaisan
88%
Feuillajou
88%
Grotichon
88%
Gruikui
88%
Léopardus
88%
Lianaja
88%
Majaspic
88%
Mastouffe
88%
Mateloutre
88%
Minotaupe
88%
Miradar
88%
Moustillon
88%
Nanméouïe
88%
Ponchien
88%
Ponchiot
88%
Ratentif
88%
Rhinolove
88%
Roitiflam
88%
Rototaupe
88%
Zébibron
88%
Bargantua
82%
Chacripan
82%
Charpenti
82%
Chovsourir
82%
Colombeau
82%
Crocorible
82%
Doudouvet
82%
Feuilloutan
82%
Flamajou
82%
Flamoutan
82%
Flotajou
82%
Flotoutan
82%
Géolithe
82%
Gigalithe
82%
Judokrak
82%
Manternel
82%
Munna
82%
Mushana
82%
Nodulithe
82%
Ouvrifier
82%
Poichigeon
82%
Tritonde
82%
Zéblitz
82%
Anchwatt
76%
Baggaïd
76%
Brutapode
76%
Chinchidou
76%
Chlorobule
76%
Couverdure
76%
Darumacho
76%
Emolga
76%
Escroco
76%
Farfaduvet
76%
Fragilady
76%
Golemastoc
76%
Karaclée
76%
Keldeo
76%
Kyurem
76%
Lampéroie
76%
Mascaïman
76%
Meloetta
76%
Miasmax
76%
Ohmassacre
76%
Polarhume
76%
Reshiram
76%
Trioxhydre
76%
Tutafeh
76%
Venipatte
76%
Vivaldaim
76%
Zekrom
76%
Zoroark
76%
Zorua
76%
Aflamanoir
71%
Baggiguane
71%
Boréas
71%
Carabing
71%
Carapagos
71%
Clic
71%
Cliticlic
71%
Couaneton
71%
Crabicoque
71%
Cryptéro
71%
Darumarond
71%
Déméteros
71%
Fermite
71%
Feunnec
71%
Fulguris
71%
Genesect
71%
Gueriaigle
71%
Haydaim
71%
Lakmécygne
71%
Lançargot
71%
Larveyette
71%
Limaspeed
71%
Mamanbo
71%
Méios
71%
Mesmérella
71%
Miamiasme
71%
Nucléos
71%
Pashmilla
71%
Polagriffe
71%
Pyrax
71%
Scalproie
71%
Shaofouine
71%
Sorbébé
71%
Tic
71%
Tranchodon
71%
Trompignon
71%
Amphinobi
65%
Arkéapti
65%
Cobaltium
65%
Coupenotte
65%
Crabaraque
65%
Drakkarmin
65%
Escargaume
65%
Flambusard
65%
Frison
65%
Funécire
65%
Furaiglon
65%
Goupelin
65%
Grenousse
65%
Grindur
65%
Gringolem
65%
Hexagel
65%
Incisache
65%
Kungfouine
65%
Limonde
65%
Maracachi
65%
Marisson
65%
Mégapagos
65%
Moyade
65%
Pandarbare
65%
Pandespiègle
65%
Passerouge
65%
Roussil
65%
Scalpion
65%
Scrutella
65%
Sidérélla
65%
Solochi
65%
Statitik
65%
Symbios
65%
Terrakium
65%
Tutankafer
65%
Vaututrice
65%
Viridium
65%
Viskuse
65%
Vostourno
65%
Xerneas
65%
Yveltal
65%
Zygarde
65%
Aéroptéryx
59%
Archéduc
59%
Bleuseille
59%
Blindépique
59%
Boguérisse
59%
Braisillon
59%
Brindibou
59%
Brutalibré
59%
Bruyverne
59%
Cabriolaine
59%
Chelours
59%
Chevroum
59%
Couafarel
59%
Croâporal
59%
Dedenne
59%
Desséliande
59%
Diamat
59%
Diancie
59%
Efflèche
59%
Félinferno
59%
Flabébé
59%
Flamiaou
59%
Floette
59%
Gaulet
59%
Grelaçon
59%
Hélionceau
59%
Kravarech
59%
Lewsor
59%
Lugulabre
59%
Malamandre
59%
Mélancolux
59%
Muplodocus
59%
Mygavolt
59%
Noacier
59%
Nymphali
59%
Oratoria
59%
Otaquin
59%
Otarlette
59%
Ouistempo
59%
Pyronille
59%
Quatermac
59%
Séracrawl
59%
Sucreine
59%
Sucroquin
59%
Tokopisco
59%
Amagara
53%
Banshitrouye
53%
Brocélôme
53%
Cocotine
53%
Cosmog
53%
Cupcanaille
53%
Dragmara
53%
Exagide
53%
Excavarenne
53%
Flambino
53%
Golgopathe
53%
Gouroutan
53%
Lougaroc
53%
Lunala
53%
M.Glaquette
53%
Mimiqui
53%
Morpeko
53%
Mucuscule
53%
Neitram
53%
Némélios
53%
Palarticho
53%
Pyrobut
53%
Rocabot
53%
Roublenard
53%
Silvallié
53%
Solgaleo
53%
Sovkipou
53%
Strassie
53%
Tokotoro
53%
Trépassable
53%
Trousselin
53%
Type:0
53%
Ursaking
53%
Venalgue
53%
Voltoutou
53%
Zacian
53%
Zamazenta
53%
Argouste
47%
Bacabouh
47%
Batracné
47%
Bazoucan
47%
Bébécaille
47%
Bekaglaçon
47%
Berserkatt
47%
Bibichut
47%
Cocombaffe
47%
Colimucus
47%
Crabominable
47%
Crémy
47%
Croquine
47%
Denticrisse
47%
Dodoala
47%
Dolman
47%
Écaïd
47%
Ékaïser
47%
Farfurex
47%
Flingouste
47%
Florges
47%
Fluvetin
47%
Fulgudog
47%
Galvagla
47%
Galvaran
47%
Gamblast
47%
Grimalin
47%
Hoopa
47%
Iguolta
47%
Ixon
47%
Lapyro
47%
Larvibule
47%
Lépidonille
47%
Matoufeu
47%
Mistigrix
47%
Moumouflon
47%
Moumouton
47%
Nounourson
47%
Opermine
47%
Pérégrain
47%
Picassaut
47%
Pitrouille
47%
Polthégeist
47%
Prismillon
47%
Rexilius
47%
Salarsen
47%
Sapereau
47%
Sarmuraï
47%
Sepiatop
47%
Sepiatroce
47%
Sonistrelle
47%
Sorcilence
47%
Tarenbulle
47%
Théffroi
47%
Tokopiyon
47%
Tokorico
47%
Toxizap
47%
Tritox
47%
Verpom
47%
Volcanion
47%
Wagomine
47%
Araqua
41%
Bombydou
41%
Boumata
41%
Bourrinos
41%
Câblifère
41%
Cancrelove
41%
Cerbyllin
41%
Charbi
41%
Charmilly
41%
Chrysapile
41%
Corayôme
41%
Cosmovum
41%
Crabagarre
41%
Dimoclès
41%
Gorythmic
41%
Goupilou
41%
Hachécateur
41%
Larméléon
41%
Larvadar
41%
Lucanon
41%
Manglouton
41%
Melmetal
41%
Meltan
41%
Minisange
41%
Monorpale
41%
Monthracite
41%
Necrozma
41%
Plumeline
41%
Prédastérie
41%
Ptyranidur
41%
Qwilpik
41%
Rongourmand
41%
Sorboul
41%
Tiboudet
41%
Togedemaru
41%
Tournicoton
41%
Vorastérie
41%
Wimessir
41%
Ama-Ama
35%
Angoliath
35%
Astronelle
35%
Bamboiselle
35%
Beldeneige
35%
Blancoton
35%
Candine
35%
Chapotus
35%
Coléodôme
35%
Corvaillus
35%
Dunaconda
35%
Dunaja
35%
Duralugon
35%
Éthernatos
35%
Floramantis
35%
Fourbelin
35%
Frissonille
35%
Froussardine
35%
Galvagon
35%
Guérilande
35%
Hexadron
35%
Hydragla
35%
Hydragon
35%
Katagami
35%
Khélocrok
35%
Lanssorien
35%
Magearna
35%
Marshadow
35%
Météno
35%
Mimantis
35%
Piclairon
35%
Pomdrapi
35%
Rongrigou
35%
Sinistrail
35%
Sorbouboul
35%
Torgamord
35%
Tutétékri
35%
Wattapik
35%
Zeraora
35%
Zéroïd
35%
Amovénus
29%
Arrozard
29%
Blizzeval
29%
Draïeul
29%
Dratatin
29%
Embrochet
29%
Fantyrm
29%
Grillepattes
29%
Hastacuda
29%
Krakos
29%
Lampignon
29%
Lézargus
29%
Mandrillon
29%
Mouscoto
29%
Nigosier
29%
Pachyradjah
29%
Pierroteknik
29%
Poulpaf
29%
Scolocendre
29%
Shifours
29%
Silveroy
29%
Spectreval
29%
Vémini
29%
Wushours
29%
Badaboin
24%
Charibari
24%
Dispareptil
24%
Engloutyran
24%
Paragruel
24%
Regidrago
24%
Regieleki
24%
Spododo
24%
Zarude
24%
Psystigri
18%
Rubombelle
18%
Scobolide
6%
Aucun quiz correspondant
Distribution des résultats
% des personnes avec chaque résultat
Percentile par nombre de réponses
Votre historique - résultats
Vous n’avez pas pris ce quiz